000 01980cam a22004454i 4500
003 PE-LiUPU
005 20250731172951.0
008 150623s r 000 0 d
020 _a0800756142
035 _a(Sirsi) i9780800756147
040 _aPE-LiUPU
_bspa
_cPE-LiUPU
_erda
049 _aPRUA
082 0 4 _a243
_bM478m
_223
100 1 _aMcIntosh, Gary L.,
_eautor.
245 1 0 _aMake room for the boom... or bust :
_bsix church models for reaching three generations /
_cGary L. McIntosh.
264 1 _aMichigan :
_bFleming H. Revell,
_c1997.
300 _a192 páginas :
_bilustraciones, cuadros ;
_c23 centímetros.
336 _atext
_2rdacontent
337 _aunmediated
_2rdamedia
338 _avolume
_2rdacarrier
505 0 _aOver the Hill to Grandma's house. -Take my BMW, Please. -Generation X-Cellent. -The Choice of a New Generation. -The seeker-Centered model. -A look at a seeker -centered church: pastor Tim Celek. -The seeker-sensitive model. -A look at a seeker-sensitive church: Pastor David Page. -The blended model. -A look at a blended church: Tim Ellis, worship arts pastor. -The multiple-track model. -A look at a multiple-track church: Dr. Glen S. Martin. -The Satellite model. -A look at a satellite church: Pastor Sam Williams. -The rebirthed model. -A look at a rebirthed church: pastor Jim Meyer. -Remodeling your church.
526 _aSEG42
526 _aSEG41
526 _aSEG40
526 _aSEG39
526 _aP94
526 _aP87
526 _aP86
526 _aP85
526 _aP77
526 _aP76
526 _aP35
650 1 4 _aEvangelización
_92411
_zEstados Unidops.
650 2 4 _aGeneración X
_xVida religiosa.
650 2 4 _aTeología Pastoral
_zEstados Unidos.
942 _2ddc
_cBK
_n0
949 _a243 M478m
_wDEWEY
_c1
_i44941
_lCCODEBUL1
_mBUL
_r0
_sY
_tBOOK
_u2015-6-24
_xTEOLOGIA
_0COMPRA
_o.STAFF. Colección General
980 _81
_gALBERTO SANCHEZ Responsable de Automatización
999 _c21815
_d21815